| 000 | 01382nam0a22003011 4500 | ||
|---|---|---|---|
| 001 | rc\3989941 | ||
| 005 | 20250611045910.0 | ||
| 021 |
_aRU _b[55-30108] |
||
| 035 | _a(NLR Aleph) 008066640 | ||
| 090 |
_a9036915 _c9036915 |
||
| 100 | _a20130415d1955 |||y0rusy50 ca | ||
| 101 | 0 | _arus | |
| 102 | _aRU | ||
| 105 | _aa z ||||| | ||
| 200 | 1 |
_aОпыт работы мельниц № 3 в Киеве и № 19 в Бердичеве на двухсортном помоле ржи с выходом муки 25+56% _fПод ред. инж. Б.Н. Хорцева _gВсесоюз. науч.-техн. о-во мукомольной и крупяной пром-сти и элеваторного хозяйства |
|
| 210 |
_aМосква _cЗаготиздат _d1955 |
||
| 215 |
_a28 с. _cчерт. _d22 |
||
| 300 | _aПеред загл. авт.: инж. А.К. Юрченко | ||
| 300 | _aНа обл. загл.: Опыт работы мельниц на двухсортном помоле ржи | ||
| 512 | 0 | _aОпыт работы мельниц на двухсортном помоле ржи | |
| 606 |
_aРожь _xПомол _2psbo |
||
| 700 | 1 |
_aЮрченко _bА.К. _gАнтон Кириллович |
|
| 702 | 1 |
_aХорцев _bБ.Н. _4340 |
|
| 801 | 0 |
_aRU _bNLR _gpsbo |
|
| 801 | 1 |
_aRU _bELAR _2rusmarc |
|
| 852 |
_aNLR _jТ66 Г-6/493 |
||
| 942 | _cBOOK | ||
| 980 | _aNB | ||